| 000 | 00000nam##2200000za#4500 |
| 001 | 9.558797 |
| 003 | CaOODSP |
| 005 | 20210624172550 |
| 007 | cr ||||||||||| |
| 008 | 150406|2004||||xxc|||||o f|0| 0 eng|d |
| 020 | |a0-662-36168-7 |
| 040 | |aCaOODSP|beng |
| 043 | |an-cn--- |
| 086 | 1 |aHS3-2/018-05-03E-PDF |
| 110 | 1 |aCanada. |bHuman Resources and Skills Development Canada. |
| 245 | 10|aMonitoring report on EI receipt by reason for job separation - final report |h[electronic resource] |
| 260 | |aOttawa - Ontario : |bHuman Resources and Skills Development Canada |c2004. |
| 490 | 1 |aEvaluation and data development |vSP-ML-018-05-03E |
| 590 | |a13-08-Supp|b2013-04-02 |
| 690 | 07|aEmployment insurance|2gcpds |
| 775 | 08|tRapport de contrôle sur le versement de prestations d'AE selon les motifs de cessation d'emploi - rapport final |w(CaOODSP)9.591631 |
| 830 | #0|aEvaluation and data development ;|vSP-ML-018-05-03E|w(CaOODSP)9.504753 |
| 856 | 40|ahttp://publications.gc.ca|qPDF|s471 KB|uhttps://publications.gc.ca/collections/collection_2013/rhdcc-hrsdc/HS3-2-018-05-03-eng.pdf|ySP-ML-018-05-03E |